LEADER 01683nam0 2200409 i 450 001 PAL0170036 005 20251003044307.0 010 $a8815074066 020 $aIT$b2001-2324 100 $a20000512d2000 ||||0itac50 ba 101 | $aita 102 $ait 181 1$6z01$ai $bxxxe 182 1$6z01$an 200 1 $aEra il secolo del lavoro$fAris Accornero 205 $aNuova ed 210 $aBologna$cIl mulino$d2000 215 $a210 p.$d21 cm. 225 | $aContemporanea$v114 410 0$1001CFI0006117$12001 $aContemporanea$v114 606 $aLavoro$xAspetti sociali$xSec. 20.$2FIR$3LO1C314651$9I 676 $a306.36$9SISTEMI DI LAVORO$v19 676 $a306.36$9CULTURA E ISTITUZIONI. Sistemi di lavoro$v20 676 $a306.36$9SISTEMI DI LAVORO$v21 676 $a306.360904$9ISTITUZIONI ECONOMICHE. SISTEMI DI LAVORO. TRATTAMENTO STORICO, 1900-1999$v21 676 $a331$9ECONOMIA DEL LAVORO$v14 676 $a331$9ECONOMIA DEL LAVORO$v21 686 $aHM 25$c$2C 700 1$aAccornero$b, Aris$3CFIV012657$4070$0437517 801 3$aIT$bIT-000000$c20000512 850 $aIT-BN0095 901 $bNAP 01$cPOZZO LIB.$nVi sono collocati fondi di economia, periodici di ingegneria e scienze, periodici di economia e statistica e altri fondi comprendenti documenti di economia pervenuti in dono. 912 $aPAL0170036 950 0$aBiblioteca Centralizzata di Ateneo$c1 v.$d 01POZZO LIB.ECON MON 2589$e 0101 0000025355E VMA 1 v. precedente collocazione sez. DASES A 0002$fB $h20081020$i20081020 977 $a 01 996 $aEra il secolo del lavoro$963738 997 $aUNISANNIO